00465 2200193 4500001002100000005001500021008004100036020002200077035001900099041000700118082000800125090001400133100001100147245001800158260003300176300002900209500001100238650002200249INLIS00000000000322620241224112701241224||||||||| | ||| |||| || |  a978-602-242-124-5 0010-1224003226 aid0 a813 a813 FAT m0 aFathia00aMy Cute Teddy aBandungbMizan Pustakac2013 a128 hlm. : ilus. ; 21 cm aCet. 3 0aIlmu Kesusastraan